"Szeged mindenkit és mindent magyarrá tesz" - mondotta dr. Szabó László szerdai előadásában lelkesen ünnepelték a kiváló publicistát

Elmentve itt :
Bibliográfiai részletek
Dokumentumtípus: Cikk
Megjelent: 1927-06-16
Sorozat:Délmagyarország 3 No. 137
Kulcsszavak:Szabó László, Erdélyi László, Fülöp Zsigmond, Bokor Adolf, Szivessy Lehel, Biedl Samu, Fülöp Zsigmond, Szücs Nándor, Juhász Gyula, Lévai Jenő, Újságírás magyar 1927, Szeged honismeret
Online Access:http://dmarchiv.bibl.u-szeged.hu/46194
LEADER 00708nab a2200145 i 4500
001 delm46194
005 20180927131903.0
008 180927s1927 hu o 0|| hun d
040 |a SZTE Délmagyarország Archívum  |b hun 
041 |a hun 
245 0 0 |a "Szeged mindenkit és mindent magyarrá tesz" - mondotta dr. Szabó László szerdai előadásában   |h [elektronikus dokumentum] :  |b lelkesen ünnepelték a kiváló publicistát 
260 |c 1927-06-16 
300 |a 5-6 
490 0 |a Délmagyarország  |v 3 No. 137 
695 |a Szabó László, Erdélyi László, Fülöp Zsigmond, Bokor Adolf, Szivessy Lehel, Biedl Samu, Fülöp Zsigmond, Szücs Nándor, Juhász Gyula, Lévai Jenő, Újságírás magyar 1927, Szeged honismeret